Alfred Adler: an introduction to his psychology
Saved in:
| Hovedforfatter: | |
|---|---|
| Format: | Bog |
| Sprog: | engelsk |
| Udgivet: |
Londres
Penguin Books
1956
|
| Serier: | A pelican book, 3-6
|
| Fag: | |
| Tags: |
Tilføj Tag
Ingen Tags, Vær først til at tagge denne postø!
|
MARC
| LEADER | 00000nam a2200000 a 4500 | ||
|---|---|---|---|
| 001 | UCY0751 | ||
| 003 | CL-VaPUC | ||
| 008 | 940811e19560000UK |||||||||||||||||eng|d | ||
| 082 | 0 | 4 | |a 150.1953 |b WAY |2 21 |
| 100 | 0 | |a Way, Lewis |e author |9 328578 | |
| 245 | 1 | 0 | |a Alfred Adler: an introduction to his psychology |
| 300 | |a 252 p | ||
| 942 | |c BK | ||
| 945 | |d 19940811 00:00:00 |a rbrito | ||
| 260 | |a Londres |b Penguin Books |c 1956 | ||
| 600 | 0 | 7 | |a ADLER, ALFRED |2 CL-VaPUC |9 328579 |
| 650 | 0 | |a Psicoanálisis |9 265702 | |
| 583 | |a last modification |c 19940811 00:00:00 |k Rodrigo Vera | ||
| 490 | 0 | |a A pelican book, 3-6 | |
| 999 | |c 229674 |d 229672 | ||
| 952 | |0 0 |1 0 |4 0 |6 150_195300000000000_WAY_1956 |7 0 |8 P |9 231097 |a BIBEDU |b BIBEDU |c BIBEDU_PB |d 2019-11-15 |i 300743K |o 150.1953 WAY 1956 |p 300743K |r 2024-01-25 |w 2019-11-15 |y BK |k FIL | ||